• 首页
  • 本馆介绍
  • 公告通知
  • 最新文献
  • 馆藏检索
  • 电子资源
  • 读者导购
  • 参考咨询
  • 我的图书馆
  • 登录
  • 详细信息显示
  • 放入我的书架
  • 预约/预借图书
  • 作者相关作品
  • 分类相关作品
  • 丛书相关作品
  • 出版社相关作品

书目信息

  • 表格格式
  • 工作单格式
  • 卡片格式
题名:
美国历届总统执政和告别演说精选
    
 
作者: 王建华 主编
分册:  
出版信息: 南昌   江西人民出版社  1999.8
页数: 387页
开本: 20cm
丛书名: 美国总统演说文库
单 册:
中图分类: D771.209
科图分类:
主题词: 政治--政论--美国
电子资源:
ISBN: 7-210-02162-0
000 00671nam2 2200217 45
001 0103020855
005 20041229155450.9
010    @a7-210-02162-0@dCNY17.60
100    @a20010302d1999 km y0chiy0120 ea
101 0  @achi
105    @a z 000yy
200 1  @a美国历届总统执政和告别演说精选@AMei Guo Li Jie Zong Tong Zhi Zheng He Gao Bie Yan Shuo Jing Xuan@f王建华主编@FWang Jian Hua Zhu Bian
210    @a南昌@c江西人民出版社@d1999.8
215    @a387页@d20cm
225    @a美国总统演说文库
410    @12001 @a美国总统演说文库
606 0  @a政治@x政论@y美国
690    @aD771.209@v3
701  0 @a王建华@4主编
801    @aCN@bTSTC@c20010302
905    @dD771.209@e195
    
    美国历届总统执政和告别演说精选/王建华主编.-南昌:江西人民出版社,1999.8
    387页;20cm.-(美国总统演说文库)
    
    
    ISBN 7-210-02162-0:CNY17.60
    
●
相关链接 在E读中查询图书 在五车中查询图书 在当当中查询图书 在豆瓣中查询图书


正题名:美国历届总统执政和告别演说精选     索取号:D771.209/195         预约/预借

序号 登录号 条形码 馆藏地/架位号 状态 备注
1 0295274   002952745   第一借阅区/ [索取号:D771.209/195] 在馆    
2 0295275   002952754   第一借阅区/ [索取号:D771.209/195] 在馆    
3 0295276   002952763   第一借阅区/ [索取号:D771.209/195] 在馆    
唐山师范学院图书馆 欢迎您!
大连网信软件有限公司© 版权所有